[Event "Pan American Intercollegiate-chT"]
[Site "Chess.com INT"]
[Date "2021.01.06"]
[Round "7"]
[White "Pinisetti, Prateek"]
[Black "Whale, Nicholas"]
[Result "1-0"]
[WhiteElo "2135"]
[BlackElo "1864"]
[PlyCount "135"]
[EventDate "2021.01.04"]
[EventType "team-swiss (rapid)"]
[EventRounds "9"]
[EventCountry "USA"]
[SourceTitle "CBM 200 Extra"]
[Source "ChessBase"]
[SourceDate "2021.03.31"]
[SourceVersion "1"]
[SourceVersionDate "2021.03.31"]
[SourceQuality "1"]
[WhiteTeam "Harvard"]
[BlackTeam "Washington Univ"]
[WhiteTeamCountry "USA"]
[BlackTeamCountry "USA"]

1. e4 c5 2. Nf3 Nc6 3. d4 cxd4 4. Nxd4 Nf6 5. Nc3 e5 6. Ndb5 d6 7. Bg5 a6 8. Na3 b5 9. Bxf6 gxf6 10. Nd5 f5 11. g3 fxe4 12. Bg2 Bg7 13. 0-0 0-0 14. Bxe4 Be6 15. c3 f5 16. Bg2 Rc8 17. Nc2 Ne7 18. a4 Rc5 19. Ncb4 Nxd5 20. Bxd5 Bxd5 21. Nxd5 Kh8 22. axb5 axb5 23. b4 Rc4 24. Qh5 f4 25. Ra7 fxg3 26. hxg3 Qe8 27. Qxe8 Rxe8 28. Rfa1 e4 29. Ra8 Rcc8 30. Rxc8 Rxc8 31. Kf1 Be5 32. Ke2 Rf8 33. Ra5 Rf3 34. Rxb5 Bxc3 35. Rb8+ Kg7 36. Re8 Bd4 37. Rxe4 Rxf2+ 38. Kd3 Be5 39. g4 Kg6 40. b5 Rf8 41. b6 Kg5 42. Kc4 Rc8+ 43. Kb5 Rc5+ 44. Ka6 Rxd5 45. b7 Rd1 46. b8Q Ra1+ 47. Kb5 Rb1+ 48. Rb4 Rxb4+ 49. Kxb4 Kxg4 50. Qg8+ Kf5 51. Qxh7+ Kf4 52. Kc4 Kf3 53. Kd3 Kf4 54. Qe4+ Kg5 55. Ke3 Kf6 56. Kf3 Ke6 57. Kg4 Kf6 58. Qd5 Kg6 59. Qe6+ Kg7 60. Kg5 Kh7 61. Qf7+ Bg7 62. Kh5 d5 63. Qxd5 Bf6 64. Qf7+ Bg7 65. Qg6+ Kg8 66. Qf5 Bf8 67. Kg6 Bg7 68. Qf7+ 1-0

[Event "Vancouver op"]
[Site "Chess.com INT"]
[Date "2020.07.25"]
[Round "?"]
[White "Whale, Nicholas"]
[Black "Yang, Maxwell"]
[Result "1/2-1/2"]
[WhiteElo "2065"]
[BlackElo "1682"]
[PlyCount "99"]
[EventDate "2020.07.25"]
[EventType "swiss"]
[EventRounds "5"]
[EventCountry "USA"]
[SourceTitle "EXT 2023"]
[Source "ChessBase"]
[SourceDate "2022.10.05"]
[SourceVersion "1"]
[SourceVersionDate "2022.10.05"]
[SourceQuality "1"]

1. Nf3 Nf6 2. c4 g6 3. Nc3 Bg7 4. g3 0-0 5. Bg2 d6 6. 0-0 Nbd7 7. d4 e5 8. d5 Qe7 9. e4 Nc5 10. Qc2 a5 11. Ne1 Nfd7 12. Be3 Kh8 13. Nd3 Nxd3 14. Qxd3 f5 15. f3 f4 16. Bf2 h5 17. a3 g5 18. g4 hxg4 19. fxg4 Qf6 20. Bf3 Qh6 21. Kg2 Nf6 22. h3 Kg8 23. Nb5 Rf7 24. b4 Bf8 25. c5 Rh7 26. Rh1 Qg6 27. Rac1 axb4 28. axb4 Qh6 29. Qb1 Bd7 30. Nxc7 Ra3 31. Ne6 Bxe6 32. dxe6 d5 33. exd5 e4 34. Bxe4 Nxe4 35. Qxe4 Rxh3 36. Qxh7+ Qxh7 37. Rxh3 Qe4+ 38. Kg1 Qxd5 39. Re1 Be7 40. Ra3 Qc4 41. Ra8+ Kg7 42. Re8 Kf6 43. Rd1 Qxb4 44. Rd7 Bxc5 45. Rf7+ Kg6 46. Rg8+ Kh6 47. Rh8+ Kg6 48. Rg8+ Kh6 49. Rh8+ Kg6 50. Rg8+ 1/2-1/2

[Event "Seattle Seafair op"]
[Site "Chess.com INT"]
[Date "2020.07.19"]
[Round "?"]
[White "Lenderman, Aleksandr"]
[Black "Whale, Nicholas"]
[Result "1-0"]
[WhiteElo "2637"]
[BlackElo "1864"]
[PlyCount "127"]
[EventDate "2020.07.18"]
[EventType "swiss"]
[EventRounds "5"]
[EventCountry "NET"]
[SourceTitle "EXT 2023"]
[Source "ChessBase"]
[SourceDate "2022.10.05"]
[SourceVersion "1"]
[SourceVersionDate "2022.10.05"]
[SourceQuality "1"]

1. d4 Nf6 2. c4 g6 3. g3 Bg7 4. Bg2 0-0 5. Nc3 d6 6. Nf3 c6 7. 0-0 Qa5 8. e4 Qh5 9. Ng5 Qxd1 10. Rxd1 h6 11. Nf3 Rd8 12. h3 Na6 13. Be3 Be6 14. d5 Bd7 15. e5 Ne8 16. dxc6 Bxc6 17. exd6 Nxd6 18. Nd2 Bxg2 19. Kxg2 Bxc3 20. bxc3 Nf5 21. Nf1 Nxe3+ 22. Nxe3 e6 23. Rd4 Kf8 24. Rad1 Ke7 25. Ng4 h5 26. Ne5 Rxd4 27. cxd4 b6 28. Rd3 g5 29. Rf3 f6 30. Nc6+ Kd6 31. d5 Rf8 32. Ra3 exd5 33. cxd5 Kxd5 34. Ne7+ Ke6 35. Rxa6 Kxe7 36. Rxa7+ Kd6 37. Rb7 Kc6 38. Rh7 Ra8 39. Rh6 Rxa2 40. Rxf6+ Kc5 41. Rf5+ Kc4 42. Rxg5 b5 43. Rxh5 b4 44. Rh4+ Kc3 45. Rh8 b3 46. Rc8+ Kd2 47. Rb8 Kc2 48. h4 b2 49. h5 b1Q 50. Rxb1 Kxb1 51. g4 Ra6 52. g5 Ra5 53. f4 Kc2 54. h6 Ra4 55. h7 Rxf4 56. h8Q Rg4+ 57. Kf3 Rxg5 58. Qc8+ Kb3 59. Qb8+ Kc3 60. Qc7+ Kb3 61. Qf7+ Kc2 62. Qc4+ Kb2 63. Qe2+ Kb1 64. Qd1+ 1-0

[Event "Washington State-chB"]
[Site "Kirkland"]
[Date "2020.02.17"]
[Round "9"]
[White "Whale, Nicholas"]
[Black "Jiang, Brandon"]
[Result "0-1"]
[WhiteElo "1846"]
[BlackElo "1916"]
[PlyCount "52"]
[EventDate "2020.02.08"]
[EventType "tourn"]
[EventRounds "9"]
[EventCountry "USA"]
[SourceTitle "EXT 2023"]
[Source "ChessBase"]
[SourceDate "2022.10.05"]
[SourceVersion "1"]
[SourceVersionDate "2022.10.05"]
[SourceQuality "1"]

1. e4 e5 2. Nf3 Nc6 3. Bb5 f5 4. d3 fxe4 5. dxe4 Nf6 6. Qe2 Bc5 7. Bxc6 bxc6 8. Be3 Bxe3 9. Qxe3 Qe7 10. 0-0 0-0 11. Nbd2 d6 12. h3 Nh5 13. Qg5 Qf7 14. Kh2 Nf4 15. Ng1 Ba6 16. Rfe1 Ne6 17. Qg4 Nd4 18. Rac1 Qxf2 19. Ngf3 Rf4 20. Qd7 Rxf3 21. Nxf3 Nxf3+ 22. Kh1 Nxe1 23. Rxe1 Qxe1+ 24. Kh2 Rf8 25. Qe6+ Kh8 26. Qe7 Qf2 0-1